| 000 | 00728nam a22002297a 4500 | ||
|---|---|---|---|
| 003 | OSt | ||
| 005 | 20251223105204.0 | ||
| 008 | 251223b |||||||| |||| 00| 0 eng d | ||
| 020 | _a9789997101969 | ||
| 040 | _cDCL | ||
| 041 | _aEnglish | ||
| 082 | _a915.91 | ||
| 100 | _aAung Kyaing , Minbu | ||
| 245 | 1 | 0 |
_aGuide to Bagan monuments / _cby Minbu Aung Kyaing ; edited by U Win Pe (Mya Zin), U Kyaw Tint (Geology). |
| 260 |
_aYangon : _bMyanmar Heritage Publications _c2017. |
||
| 300 |
_aviii, 264 pages : _c20 cm. |
||
| 504 | _aIncludes bibliographical notes and index. | ||
| 651 |
_aPagan (Myanmar) _vDescription and travel |
||
| 700 | _aWin Pe, U | ||
| 700 | _aKyaw Tint, U | ||
| 942 |
_2ddc _cSHORT TERM _n0 |
||
| 999 |
_c2790 _d2790 |
||